| 000 | 00357nam a2200133Ia 4500 | ||
|---|---|---|---|
| 008 | 150202s9999 xx 000 0 und d | ||
| 020 | _a553210599 | ||
| 050 |
_aFIC _bFIC |
||
| 100 | _aJames, Henry. | ||
| 245 | 4 |
_aThe turn of the screw / _cHenry James. |
|
| 260 |
_aNew York : _bBantam Books, _c1988. |
||
| 300 |
_a403 pages : _c18 cm. |
||
| 650 | _aFiction. | ||
| 999 |
_c282116 _d282116 |
||